|
|
|
|
| LEADER |
00000cam a2200000 7i4500 |
| 001 |
0000001990 |
| 005 |
20020730.0 |
| 020 |
0 |
0 |
|a 9838120367
|
| 090 |
0 |
0 |
|a 508.598
|b MJO 1999
|
| 100 |
1 |
0 |
|a MJOBERG
|h Eric Georg
|c 1882-
|
| 245 |
1 |
0 |
|a Forest life and adventures in the Malay Archipelago
|c Eric Mjoberg; translated by A. Barwell
|
| 260 |
0 |
0 |
|a Kota Kinabalu, Sabah :
|b Natural History Pub. ,
|c 1999
|
| 300 |
|
|
|a 201 p. :
|b ill, maps ;
|c 22 cm.
|
| 650 |
0 |
0 |
|a Forest ecology
|z Malay Archipelago
|
| 650 |
0 |
0 |
|a Natural history
|z Malay Archipelago
|
| 651 |
0 |
0 |
|a Malay Archipelago
|x Description and travel
|
| 700 |
0 |
1 |
|a Barwell
|h A.
|
| 998 |
|
|
|a JPSM
|
| 999 |
|
|
|a 0000003389
|b Monograph
|c Open Shelf
|e Default branch
|